汉语方言分布图 Chinese dialect map - Statistics

General Stats
  • This quiz has been taken 376 times
  • The average score is 13 of 17
Answers on the Map
Answers color-coded by a green-red scale on the quiz's map according to % correct below.
 
Answer Stats
Answer % Correct
非官话 闽语
96%
官话 东北官话
95%
非官话 粤语
94%
非官话 吴语
91%
官话 西南官话
90%
官话 中原官话
88%
非官话 客家话
84%
非官话 赣语
82%
非官话 湘语
80%
非官话 晋语
77%
官话 北京官话
74%
官话 胶辽官话
74%
官话 江淮官话
74%
官话 兰银官话
65%
官话 冀鲁官话
58%
非官话 徽语
57%
非官话 平话和土话
53%
No matching quizzes found
Score Distribution
Percent of People with Each Score
Percentile by Number Answered
Your Score History
You have not taken this quiz